| 000 | 00724nam a2200205Ia 4500 | ||
|---|---|---|---|
| 001 | 9471 | ||
| 003 | GE_BSU | ||
| 008 | 181216s||||||||xx |||||||||||||| ||und|| | ||
| 040 | _cGE_BSU | ||
| 080 | _a624.014 | ||
| 100 | _aСахновский,М.М. Жемчужников,Г.В. Динельт и др. | ||
| 245 | _aМеталлические конструкции(техническая эксплуатация). | ||
| 245 | _cПод общей ред. М.М.сахновского. ред.Т.Ю.Копачевская. | ||
| 260 | _aКиев. | ||
| 260 | _bБудiвельник. | ||
| 260 | _c1976. | ||
| 300 | _a256 стр. 22 см. | ||
| 653 | _aМеталлические конструкции. | ||
| 942 | _cBK | ||
| 999 |
_c42765 _d42765 |
||